[Event "Moscow Open RSSU Cup 2019"]
[Site "Moscow"]
[Date "2019.01.31"]
[Round "6"]
[White "Potapov, Pavel"]
[Black "Suleymenov, Alisher"]
[Result "1/2-1/2"]
[WhiteElo "2516"]
[BlackElo "2404"]
[Annotator "TA"]
[PlyCount "134"]
[EventDate "2019.01.26"]
[EventType "swiss"]
[EventCountry "RUS"]
[SourceTitle "playchess.com"]
[Source "ChessBase"]
[SourceQuality "1"]

{[%evp 11,134,30,36,-2,3,-11,0,0,0,0,0,-41,-2,-73,-24,-95,-118,-104,-106,-192,-146,-186,-136,-146,-122,-90,-94,-83,-95,-170,-87,-81,-99,-88,-85,-139,-130,-143,-154,-158,-167,-214,-204,-215,-220,-225,-199,-216,-208,-250,-186,-332,-335,-324,-230,-300,-299,-379,-372,-327,-206,-206,-206,-238,-151,-137,0,-299,-291,-335,-229,-300,-328,-288,-316,-381,-356,-389,-362,-340,-181,-116,0,0,0,-28,-28,-28,-28,-28,-24,-24,0,-8,-8,-8,-8,-16,-16,-16,0,0,0,0,1,0,8,7,7,7,7,0,0,0,7,7,8,8,8,8,8,8,8,8,427]} 1. e4 e6 2. d4 d5 3. Nc3 Nf6 4. e5 Ne4 5. Nce2 f6 6. f3 Ng5 7. h4 {C11: French: Classical System: 4 e5 and 4 Bg5 dxe4} Nf7 8. f4 c5 9. c3 Nc6 10. Nf3 Bd7 11. g4 $146 ({Predecessor:} 11. g3 Qb6 12. Bh3 cxd4 13. cxd4 Bb4+ 14. Bd2 fxe5 15. fxe5 {½-½ (64) Pikula,D (2454)-Roth,P (2252) Baden 1999}) 11... Qb6 12. g5 (12. exf6 $11 {remains equal.} gxf6 13. g5) 12... cxd4 $17 {[%cal Rf6e5]} 13. cxd4 (13. gxf6 $11 gxf6 14. Nexd4) 13... Bb4+ 14. Bd2 fxe5 15. fxe5 (15. dxe5 $17 O-O 16. Qb3) 15... O-O $19 16. Qb3 Nfxe5 17. Nxe5 Nxe5 (17... Nxd4 18. Nxd7 Bxd2+ 19. Kd1 $15) 18. dxe5 {[#]} Ba4 $1 {[%mdl 512]} 19. Qxa4 Bxd2+ {[%mdl 64] Discovered Attack} 20. Kd1 Qxb2 (20... d4 $1 $19 {[%cal Rd4d3]} 21. Qb3 (21. Qxd4 $2 Qc6 $19) 21... Qc6) 21. Qd4 $17 Qxd4 $40 {[%mdl 192] Overworked Piece. Black goes for the king.} 22. Nxd4 Bc3 {[%mdl 64] Double Attack} 23. Nb3 (23. Nxe6 $142 Rxf1+ 24. Rxf1 Bxa1 25. Nc7) 23... Bxa1 ({Stronger than} 23... Bxe5 24. Rc1 $16) 24. Nxa1 Rf5 25. Bd3 Rxe5 26. Kd2 Rf8 27. Nc2 Rf4 $1 28. g6 hxg6 29. Bxg6 Kf8 30. Rb1 b6 31. Rb4 (31. Nb4 {was called for.}) 31... Rf2+ $19 32. Kc3 Rf3+ 33. Kb2 Ke7 34. a4 Kd6 35. a5 Kc7 36. axb6+ axb6 37. Ra4 Kb7 38. Rg4 Kc7 $2 (38... Kc8 $17 39. Rg2 Kd7) 39. Ra4 $1 Rg3 40. h5 Kd6 41. Ra7 Re2 $1 42. Rxg7 {[#]} d4 $1 {[%cal Rd4d3]} 43. Rg8 Ke5 44. Rd8 Rh2 45. Ka1 Rg1+ (45... Rd2 $142 46. Rd7 Rh3 {[%mdl 64] Remove Defender}) 46. Kb2 {[#]} Rd1 ({Better is} 46... Rg4 $1 $17 {[%cal Rg4g3] aiming for ...Rg3.} 47. Ra8 Rg3) 47. Kb3 $11 Rb1+ 48. Ka2 Rb5 {Strongly threatening ...Rd5.} 49. Ka3 Rd5 50. Rxd5+ Kxd5 51. Kb4 Rh3 {White must now prevent ...d3.} 52. Kb5 {The position is equal.} e5 53. Nb4+ Kd6 54. Kxb6 Rh4 55. Kb5 Rh3 56. Nd3 Rh2 57. Nc5 Rh1 58. Ne4+ Kd5 59. Ng3 Rh3 60. Bf7+ Kd6 61. Ne4+ Ke7 62. Bg6 Kf8 63. Kc4 Re3 64. Nc5 Kg8 65. Kd5 Kh8 66. Nd3 Kg7 67. Nxe5 Rxe5+ $2 {[%mdl 40960] Accuracy: White = 52%, Black = 64%. . An unexpected result.} (67... Kf6 $11 {and Black is okay.}) 1/2-1/2

[Event "Moscow Open RSSU Cup 2019"]
[Site "Moscow"]
[Date "2019.01.31"]
[Round "6"]
[White "Khanin, Semen"]
[Black "Timofeev, Artyom"]
[Result "1-0"]
[WhiteElo "2514"]
[BlackElo "2592"]
[Annotator "TA"]
[PlyCount "63"]
[EventDate "2019.01.26"]
[EventType "swiss"]
[EventCountry "RUS"]
[SourceTitle "playchess.com"]
[Source "ChessBase"]
[SourceQuality "1"]

{[%evp 33,63,49,34,56,76,37,38,35,64,38,85,79,121,79,106,121,126,116,421,400,776,781,780,777,764,730,753,741,712,706,797,785]} 1. e4 c5 2. Nf3 d6 3. d4 cxd4 4. Nxd4 Nf6 5. Nc3 Nc6 6. Bg5 e6 7. Qd2 a6 8. O-O-O Bd7 9. f4 b5 10. Bxf6 gxf6 11. Kb1 Qb6 12. Nxc6 Bxc6 13. f5 b4 {B67: Sicilian: Richter-Rauzer: 7...a6 8 0-0-0 Bd7, lines without 9 f4 Be7} 14. Ne2 {[%cal Bc3e2,Be2g3,Bg3h5][%mdl 32]} e5 15. Ng3 h5 16. h4 Qc5 17. Bd3 Bh6 {LiveBook: 17 Games} 18. Qe2 Ke7 19. Nxh5 {And now g4 would win.} Qe3 $1 {[%cal Re3e2] Threatening ...Qxe2.} 20. Qf1 Bxe4 21. Rg1 {[%cal Bh1g1,Bg1e1,Be1e4,Be4g4][%mdl 32] [#]} Bxd3 $146 22. Rxd3 Qc5 {aiming for ...Be3.} 23. Qd1 Be3 24. Re1 Bf2 25. Re4 Rac8 $2 {[%mdl 8192] [#]} (25... Rad8 $16 {is a better chance.}) 26. Nxf6 $1 $18 {[%mdl 512]} Kxf6 (26... Bxh4 $142 27. Nd5+ Ke8) 27. Rxd6+ {White is clearly winning.} Kg7 28. Rg4+ Kh7 29. Rg5 {[%cal Rd1h5]} Qxc2+ 30. Qxc2 Rxc2 31. Kxc2 Rc8+ 32. Kd3 {Precision: White = 82%, Black = 44%.} 1-0

[Event "Moscow Open RSSU Cup 2019"]
[Site "Moscow"]
[Date "2019.01.31"]
[Round "6"]
[White "Afanasiev, Nikita"]
[Black "Bykov, Oleg"]
[Result "1-0"]
[WhiteElo "2508"]
[BlackElo "2395"]
[Annotator "TA"]
[PlyCount "59"]
[EventDate "2019.01.26"]
[EventType "swiss"]
[EventCountry "RUS"]
[SourceTitle "playchess.com"]
[Source "ChessBase"]
[SourceQuality "1"]

{[%evp 12,59,27,-3,7,18,68,68,133,118,154,138,185,182,183,148,203,191,215,156,137,132,179,177,244,252,238,249,352,305,347,322,332,306,347,343,478,475,737,736,787,795,814,808,800,785,1009,947,29992,29993]} 1. e4 e6 2. d4 d5 3. Nc3 Nf6 4. Bg5 dxe4 5. Nxe4 Be7 6. Bxf6 gxf6 7. Qd3 f5 {C13: French: Classical System: 4 Bg5 Be7, Alekhine-Chatard Attack} (7... Nc6 8. c3 f5 9. Ng3 Qd5 10. Nh5 Bd7 11. Qf3 Qe4+ 12. Qxe4 fxe4 13. f3 exf3 14. Nxf3 O-O-O 15. Be2 {1-0 (63) Iordachescu,V (2581)-Vovk,Y (2611) Kishinev 2016}) 8. Nc3 c5 9. d5 $1 e5 $146 {[#]} (9... Na6 $14) ({Predecessor:} 9... Na6 10. O-O-O Nb4 11. Qc4 exd5 12. Nxd5 Nxd5 13. Rxd5 Qa5 14. Qb5+ Qxb5 15. Bxb5+ {½-½ (53) Huerga Leache,M (2370)-Barrero Garcia,C (2297) Burguillos 2007}) 10. O-O-O $1 $16 Bf6 11. g4 fxg4 12. h3 h5 13. hxg4 Bxg4 (13... hxg4 $16 14. Rxh8+ Bxh8) 14. Be2 $18 Bxe2 15. Qxe2 Nd7 16. Rxh5 Qa5 17. Ne4 Rxh5 (17... O-O-O $142) 18. Qxh5 O-O-O 19. Kb1 (19. Qxf7 Qa4) 19... Qb4 (19... c4 {might work better.} 20. Qxf7 Qb4) 20. Qf5 Bg7 21. a3 ({Not} 21. Qxf7 Qxe4 22. Qxg7 Rf8 $16) 21... Qb6 22. d6 Qc6 23. Ne2 ({Weaker is} 23. Qxf7 Qxe4 24. Qxg7 Rf8 $16) 23... b5 24. N2c3 b4 (24... f6 $142 25. Qe6 Bh8) 25. Nd5 {aiming for Ne7+.} Qb5 26. axb4 cxb4 27. Qxf7 Bh6 28. Rd3 a5 29. c4 Qa4 {[#]} 30. Nb6+ $1 {[%mdl 576] Double Attack. Accuracy: White = 98%, Black = 25%.} 1-0

[Event "Moscow Open RSSU Cup 2019"]
[Site "Moscow"]
[Date "2019.01.31"]
[Round "6"]
[White "Drygalov, Andrey"]
[Black "Tsydypov, Zhamsaran"]
[Result "0-1"]
[WhiteElo "2485"]
[BlackElo "2545"]
[Annotator "TA"]
[PlyCount "272"]
[EventDate "2019.01.26"]
[EventType "swiss"]
[EventCountry "RUS"]
[SourceTitle "playchess.com"]
[Source "ChessBase"]
[SourceQuality "1"]

{[%evp 10,272,12,16,16,10,9,4,5,3,25,11,7,5,12,4,12,13,10,0,12,0,7,0,-6,-10,-6,-17,-30,-112,-103,-111,-105,-125,-109,-113,-6,-11,-12,-22,-18,-31,0,0,10,-28,0,-14,-13,-14,-8,-22,0,0,0,0,4,0,15,0,0,0,0,0,5,0,0,0,4,0,0,-6,-8,-77,-74,-68,-52,-57,-56,-68,-24,-46,0,-19,0,-5,0,0,6,-31,-18,-18,8,10,12,-151,-147,-130,186,-135,-143,-132,-143,-127,-129,-134,-121,-135,-51,-65,-21,-18,-18,-18,-18,-18,-18,-18,-18,-18,-18,-18,-18,-24,-22,-24,-18,-64,-18,-33,-25,-60,-24,-63,-64,-63,-25,-25,-25,-26,-25,-55,-28,-68,-33,-32,-29,-31,-30,-99,-99,-99,-99,-99,-99,-99,-99,-99,-99,-99,-99,-99,-99,-99,-99,-99,-82,-99,-99,-99,-99,-99,-99,-99,-99,-99,-97,-151,-151,-5101,-4291,-2134,-2248,-1659,-1462,-3018,-616,-12755,-12755,-12745,-11243,-12747,-12689,-12210,-11528,-4127,-1499,-1084,-137,-1084,0,-143,-143,-12791,-12755,-12755,-12623,-11335,-829,-4134,-137,-137,-137,-137,-137,-137,-137,-137,-137,-29952,-137,-29962,-29961,-29961,-29957,-5097,-3441,-1938,-1580,-29978,-29979,-29979,-29980,-29980,-29981,-29981,0,0,0,-29981,-29982,-29982,-29983,-29984,-29985,-29985,-29984,-29986,-29987,-29993,-29988,-29988,-29989,-29989,-29988,-29988,-29986,-29987,-29983,-29987,-29988,-29988,-29989,-29989,-29990]} 1. e4 e5 2. Nf3 Nc6 3. Bc4 Bc5 4. O-O ({Predecessor:} 4. d3 Nf6 5. c3 O-O 6. O-O d6 7. Bb3 h6 8. Nbd2 b5 9. Re1 Rb8 10. h3 a5 11. a4 {0-1 (39) Rudolf,M (2171)-Szabo,M (2189) LSS email 2012}) 4... Nf6 5. d3 d6 6. c3 a5 $146 {C54: Giuoco Piano: 4 c3 Nf6, main lines with 5 d4 and 5 d3} (6... a6 7. a4 h6 8. Re1 O-O 9. Nbd2 a5 10. Nf1 Be6 11. Bb5 Na7 12. d4 Nxb5 13. axb5 Bb6 14. dxe5 Ng4 15. Be3 Nxe3 16. Nxe3 dxe5 17. Nxe5 {½-½ (46) Giri,A (2783)-Karjakin,S (2753) St Petersburg 2018}) 7. Re1 h6 8. Bb3 O-O {The position is equal.} 9. h3 b5 10. a4 {next d4 is good for White.} b4 11. Nbd2 Rb8 12. Nc4 bxc3 13. bxc3 Be6 14. Ba2 ({Predecessor:} 14. d4 exd4 15. cxd4 Nxd4 16. Nxd4 Bxd4 17. Qxd4 Rxb3 18. Nxa5 {0-1 (39) Rudolf,M (2171)-Szabo,M (2189) LSS email 2012}) 14... Ba7 15. Na3 d5 16. Qc2 Re8 17. Nb5 Bb6 18. Be3 d4 19. Bc1 (19. Bd2 $1 $11) 19... dxc3 $1 $17 20. Qxc3 Nb4 $1 {[%cal Rb4a2]} 21. Bb1 c6 22. Na3 Nd7 (22... Qd7 $1 $17 23. Nc4 Bd4 24. Nxd4 exd4) 23. Nc4 Bxc4 24. Qxc4 Qf6 25. Bd2 Nc5 26. Bc3 Nb7 27. Qb3 Nd8 {...Bxf2+! is the strong threat.} 28. Qc4 c5 29. Ba2 Ndc6 30. Rac1 (30. Rab1 {is interesting.} Red8 31. Red1 Rd7 32. Bb3 Qe7 33. Rbc1) 30... Nxa2 (30... Re7 {is more complex.} 31. Red1 Reb7 32. Bb3 Rd7 33. Rb1 Bc7) 31. Qxa2 Nb4 32. Qc4 Qd6 33. Red1 Ba7 34. Ba1 Re6 35. Bc3 Rd8 36. Rd2 Qb8 37. Ne1 Rd7 38. Nc2 Qe8 39. Na3 Bb6 40. Rcd1 Bd8 41. Nb5 (41. Rb2 $11 {keeps the balance.}) 41... Bg5 42. Re2 Qd8 43. Bxb4 cxb4 44. Rc2 Rg6 45. Qc8 h5 46. Qxd8+ Rxd8 47. Kf1 h4 48. Rc5 b3 49. Rxe5 b2 {Strongly threatening ...Rc8.} 50. Na3 Rb8 51. Rb1 {Threatens to win with Nc4.} Bd2 $1 52. Nb5 $2 (52. Rb5 $11 Rxb5 53. Nxb5) 52... Rc6 $1 $36 {[%cal Rc6c1][%mdl 2048] Black has strong initiative.} 53. Rxb2 Rc1+ $1 54. Ke2 Bc3 $1 {[%cal Rc3b2][%mdl 64] Double Attack} 55. Rb1 Rxb1 56. Nxc3 {[%mdl 4096] Endgame KRR-KRN} R8b2+ 57. Kf3 Rf1 58. Ne2 Rd1 ({Black should play} 58... Rd2 $17 59. Rd5 Ra1) 59. Nf4 $15 f6 60. Rxa5 g5 61. Nd5 Rxd3+ 62. Ne3 Kf7 63. Ra7+ Kg6 64. Ra6 Rd4 65. a5 Ra4 66. Nd5 Ra3+ 67. Ne3 Rb5 (67... Rb4 {seems wilder.} 68. Rb6 Rd4 69. a6 Rda4 70. Rb7 Rxa6 71. g3 hxg3 72. Kxg3 Rd3) 68. Ra8 Raxa5 ({Much less strong is} 68... Rbxa5 69. Rxa5 Rxa5 70. g3 $17) (68... f5 $5 {[%cal Rf5f4]} 69. Rg8+ Kh6 70. exf5 Rxf5+ 71. Ke2 Re5 $17) 69. Rc8 Ra4 {aiming for ...Rbb4.} 70. Rc6 Re5 71. Ng4 Ra3+ ({But not} 71... Rexe4 72. Rxf6+ Kg7 73. Rc6 $17) 72. Ne3 Re7 73. Rb6 Kf7 74. Rb4 Rd7 75. Rc4 Rda7 76. Rc6 Re7 77. Rc4 Re6 78. Rb4 Re5 79. Rc4 (79. Kg4 $11) 79... f5 $17 80. exf5 Rxf5+ 81. Ke2 Ra2+ 82. Rc2 Rxc2+ 83. Nxc2 {KR-KN} Kg6 84. Ne3 Rf8 (84... Rf4 {keeps more tension.} 85. Ng4 Ra4 86. Kf3 Rd4 87. Ne3 Rf4+) 85. Ng4 Kf5 86. Ke3 Ke6 87. Nh2 Ra8 88. Ng4 Ra3+ 89. Ke4 Rb3 90. Ne3 Rb4+ 91. Kf3 Rf4+ 92. Ke2 Ke5 93. Ng4+ (93. g3 $142 Rf7 94. gxh4) 93... Ke4 $1 94. f3+ $2 (94. Nh2 $17) 94... Kf5 $1 $19 95. Ne3+ Ke6 96. Kf2 Ra4 97. Kg1 Ke5 (97... Ra3 $142 98. Ng4 Ra1+ 99. Kf2 Ra2+ 100. Kg1 Rb2) 98. Ng4+ Kf4 99. Nf6 Ra1+ 100. Kf2 Ra2+ 101. Kg1 Rb2 102. Ne4 Rb5 (102... Rc2 $142 103. Nd6 Ra2) 103. Kf2 Ra5 $2 (103... Rb3 $1 $19 {[%cal Rb3b2]} 104. Kg1 Rb1+ 105. Kf2 Rb2+ 106. Kg1 Rc2) 104. Nf6 $2 {[%mdl 8192]} (104. Nc3 $17) 104... Rb5 $2 (104... Rc5 $1 $19 {[%cal Rc5c2] has better winning chances.} 105. Ne4 Rc1) 105. Ne4 $1 $17 Rb3 106. Nf6 $2 {[%mdl 8192]} (106. Nd6 $17) 106... Rb2+ $19 107. Kg1 Ke3 $1 108. Nd5+ Ke2 109. Nc3+ Kd3 $2 (109... Ke1 $1 $19 110. Nd5 Rb1) 110. Ne4 $17 Rb5 111. Kf2 Re5 112. Nf6 Re2+ 113. Kg1 Ke3 114. Kf1 $2 {[%mdl 8192]} (114. Nd5+ $17 Kd3 115. Nf6) 114... Ra2 $2 (114... Rf2+ {mates} 115. Kg1 Rb2 116. Ne4 Rb5 117. Kh1 Rd5 118. Kh2 Re5 119. Nd6 Rd5 120. Ne4 Re5 121. Nd6 Rd5 122. Ne4) 115. Kg1 $2 {[%mdl 8192]} (115. Nd5+ $17 Kd4 116. Nf6) 115... Ra1+ 116. Kh2 Ke2 117. Ne4 {[#]} Re1 $1 118. Nf6 {[#]} Kf1 $1 119. Ng4 Re6 120. Kh1 Re2 121. Nf6 Rxg2 122. Ne4 Rg1+ 123. Kh2 Rg2+ 124. Kh1 {[#]} Rg3 $1 {[%cal Rg3h3][%mdl 512] Black mates.} 125. Kh2 (125. Nxg3+ hxg3) 125... Rxf3 126. Nxg5 Re3 127. Nf7 Re2+ 128. Kh1 Kf2 129. Nh6 Kg3 {[%cal Re2e1]} 130. Nf5+ Kxh3 {[%cal Re2e1]} 131. Kg1 Rg2+ 132. Kf1 Rg5 133. Nd4 Re5 134. Kf2 Kg4 135. Nc2 h3 136. Ne3+ {[#]} Rxe3 $1 {Accuracy: White = 43%, Black = 53%.} 0-1

[Event "Moscow Open RSSU Cup 2019"]
[Site "Moscow"]
[Date "2019.01.31"]
[Round "6"]
[White "Korchmar, Vasiliy"]
[Black "Kokarev, Dmitry"]
[Result "1-0"]
[WhiteElo "2424"]
[BlackElo "2605"]
[Annotator "TA"]
[PlyCount "36"]
[EventDate "2019.01.26"]
[EventType "swiss"]
[EventCountry "RUS"]
[SourceTitle "playchess.com"]
[Source "ChessBase"]
[SourceQuality "1"]

{[%evp 16,36,32,39,32,45,34,10,22,-6,20,0,0,0,0,0,32,8,75,77,83,0,506]} 1. d4 $146 ({Predecessor:} 1. e4 d6 {½-½ (59) Shimanov,A (2589)-Goganov,A (2609) Khanty-Mansiysk 2014}) 1... d6 2. e4 Nf6 3. Nc3 e5 4. Nf3 Nbd7 5. Bc4 Be7 6. O-O O-O 7. Re1 ({Predecessor:} 7. a4 c6 {½-½ (59) Shimanov,A (2589)-Goganov,A (2609) Khanty-Mansiysk 2014}) 7... c6 8. a4 a5 9. h3 Nb6 {C41: Philidor Defence} 10. Ba2 Nfd7 11. dxe5 dxe5 12. Qd3 ({Predecessor:} 12. Be3 h6 13. Nh2 Bg5 14. Qd6 Be7 15. Qd2 Nc5 16. Bxh6 Nbxa4 17. Nxa4 Nxa4 {½-½ (59) Shimanov,A (2589)-Goganov,A (2609) Khanty-Mansiysk 2014}) 12... Bb4 13. Bg5 Qe8 14. Nh4 {Nf5 is the strong threat.} Kh8 15. Qg3 f6 16. Be3 Bxc3 (16... Nc5 $11) 17. bxc3 $16 Nxa4 {[#]} 18. Rad1 ({Don't play} 18. Bb3 $6 Nxc3 19. Nf5 Qg6 $11) (18. Nf5 $1 $16 {[%csl Gf5][%cal Rg3g7]} g5 19. Bb3) 18... Ndc5 $2 {[%mdl 8192] Accuracy: White = 38%, Black = 38%.} (18... g5 $11 {and Black stays safe.} 19. Bxg5 fxg5 20. Qxg5 Nxc3 {[%mdl 64] Double Attack}) 1-0

[Event "Moscow Open RSSU Cup 2019"]
[Site "Moscow"]
[Date "2019.01.31"]
[Round "6"]
[White "Yeletsky, Ivan"]
[Black "Fedorov, Alexei"]
[Result "0-1"]
[WhiteElo "2406"]
[BlackElo "2557"]
[Annotator "TA"]
[PlyCount "160"]
[EventDate "2019.01.26"]
[EventType "swiss"]
[EventCountry "RUS"]
[SourceTitle "playchess.com"]
[Source "ChessBase"]
[SourceQuality "1"]

{[%evp 14,160,36,34,60,49,57,50,49,50,68,47,47,47,48,46,46,47,54,47,50,47,56,54,58,55,54,58,74,82,81,83,80,80,96,93,83,65,91,86,76,30,72,64,64,41,250,228,231,233,254,241,226,222,245,252,247,253,243,248,245,245,216,114,90,0,0,0,0,0,0,0,0,-86,-90,-93,-95,-177,-170,-176,-172,-172,-172,-783,-179,-179,-179,-179,-179,-179,-179,-179,-172,-273,-172,-191,-180,-375,-352,-334,-327,-319,-302,-407,-407,-456,-456,-443,-433,-549,-549,-580,-576,-576,-575,-560,-549,-1686,-1432,-1672,-1557,-1341,-1202,-3691,-961,-1018,-768,-608,-609,-3191,-2826,-3031,-2402,-29973,-29974,-29973,-29975,-29977,-29978,-29978,-29979,-29978,-29979,-29979,-29980,-29987,-29988,-29988,-29989]} 1. e4 c5 2. Nf3 e6 3. d4 cxd4 4. Nxd4 a6 5. c4 Nf6 6. Nc3 Qc7 7. Be2 Bb4 8. Nc2 Be7 {B41: Sicilian: Kan Variation: 5 c4} (8... Bxc3+ 9. bxc3 d6 10. f3 O-O 11. O-O Nbd7 12. Qd4 e5 13. Qf2 Nc5 14. Bg5 Nfd7 15. a4 f6 16. Be3 {0-1 (57) Ganguly,S (2652)-Bocharov,D (2573) Ulaanbaatar 2018}) 9. O-O $146 ({Predecessor:} 9. Qd3 d6 10. Qg3 Nbd7 {1-0 (37) Jarmula,L (2358)-Anurag,M (2426) Graz 2015}) 9... d6 10. Qd3 Nbd7 {White is slightly better.} 11. Qg3 h5 ({Predecessor:} 11... Kf8 12. f4 h5 13. Be3 Nc5 14. Bd4 h4 15. Qf3 e5 16. fxe5 dxe5 {1-0 (37) Jarmula,L (2358)-Anurag,M (2426) Graz 2015}) 12. Bg5 b6 13. h4 Bb7 14. f3 Ne5 15. Ne3 Ng6 16. Rfd1 Rd8 17. Rd2 O-O 18. Rad1 Rd7 19. Kh1 Rc8 20. a3 Qd8 21. Rd4 Rc5 22. f4 e5 23. fxe5 Rxe5 {[%cal Rf6e4]} 24. Bf3 Ne8 {[%cal Re7g5]} 25. Bxe7 Qxe7 26. Nf5 Qf6 27. Na4 {[%cal Bc3a4,Ba4b6,Bb6d5][%mdl 32]} (27. Bxh5 Nxh4 28. Bf3 Rxf5 $15) 27... b5 28. Nb6 Rd8 29. b4 $36 {[%mdl 2048] White has the initiative.} Nf8 $2 (29... Ne7 $14) 30. c5 $1 $18 Ne6 31. R4d2 $1 Bxe4 32. Bxe4 Rxe4 33. Nd5 $1 {[%cal Rd5f6]} Qe5 34. Qxe5 Rxe5 35. Nfe7+ Kf8 36. Nc6 $1 {[%csl LRd8,LRe5][%mdl 64] Double Attack} Rxd5 37. Rxd5 Rc8 38. Na7 (38. cxd6 $6 Rxc6 39. d7 Nf6 $16) (38. Nd4 $18) 38... Ra8 $16 39. Rxh5 (39. Nxb5 $16 axb5 40. cxd6) 39... Rxa7 $11 40. cxd6 {[%cal Rh5h8]} Nf6 41. Rh8+ Ng8 42. d7 Ra8 43. Rd6 (43. g4 $11) 43... Ke7 $17 44. Rd5 Rd8 $1 45. a4 (45. Rd1 $17) 45... Nf6 $19 {[%mdl 64] Discovered Attack} 46. Rxd8 {Black must now prevent Re8+.} Nxd5 (46... Nxd8 47. Rc5 $17) 47. Ra8 {[#]} Ndc7 $1 {[%cal Rc7a8]} ({Resist} 47... Kxd7 48. Rxa6 Nec7 49. Ra5 $15) (47... bxa4 48. d8=R $17) 48. d8=Q+ Nxd8 49. Ra7 Kd6 ({Don't go for} 49... bxa4 $2 50. Rxc7+ Kd6 51. Rc3 $18) 50. axb5 axb5 51. Ra1 Nc6 52. Rf1 f6 53. Rf4 (53. h5 $142) 53... Ke6 54. Rg4 Kf7 55. h5 $2 (55. Kh2) 55... Nd5 56. Rg3 Ncxb4 ({Less strong is} 56... Ndxb4 57. Rb3 $19) 57. Rb3 f5 58. Kh2 {[#]} Kf6 $1 {[%cal Rf6g5]} 59. Rg3 Nc2 60. Rg6+ Kf7 61. Rc6 Nce3 62. Kg3 b4 63. h6 {h7 is the strong threat.} g5 64. Rd6 Nf6 {Strongly threatening ...Ne4+.} 65. Kf3 Ned5 66. Rd8 Kg6 67. Rh8 g4+ 68. Kg3 Kg5 (68... Ne4+ $142 69. Kh2 g3+ 70. Kg1 b3) 69. Kf2 Ne4+ 70. Kg1 Kg6 71. Kh2 f4 72. Rg8+ Kxh6 73. Rxg4 Nef6 {Black mates.} 74. Rh4+ Nh5 75. Kg1 b3 {[%cal Bb4b3,Bb3b2][%mdl 32]} 76. Rh3 Ne3 77. Kf2 b2 78. Rh1 Nd5 79. g4 fxg3+ 80. Kf3 Nc3 {Accuracy: White = 47%, Black = 78%.} 0-1

[Event "Moscow Open RSSU Cup 2019"]
[Site "Moscow"]
[Date "2019.01.31"]
[Round "6"]
[White "Schekachikhin, Maksim"]
[Black "Khegay, Dmitriy"]
[Result "1-0"]
[WhiteElo "2391"]
[BlackElo "2504"]
[Annotator "TA"]
[PlyCount "139"]
[EventDate "2019.01.26"]
[EventType "swiss"]
[EventCountry "RUS"]
[SourceTitle "playchess.com"]
[Source "ChessBase"]
[SourceQuality "1"]

{[%evp 10,139,13,-7,31,23,25,31,26,10,14,0,0,-10,-6,-6,-8,-13,-10,-7,-10,-9,-7,-14,-4,-7,0,-10,0,0,0,0,0,0,0,0,0,-17,-17,-28,-21,-21,-25,-18,-14,-34,-10,-12,-7,-8,-6,-6,0,-6,17,20,22,20,50,37,173,49,75,75,119,107,178,183,219,225,225,73,124,108,113,96,195,198,245,240,275,270,278,268,301,308,314,316,319,304,304,302,289,280,276,272,252,206,330,287,411,411,395,396,388,381,387,382,368,377,385,363,569,553,554,459,503,536,1187,1044,1276,1291,1569,1556,1156,1169,29977,29978,29980,29981,29980,29980]} 1. d4 Nf6 2. c4 e6 3. Nc3 Bb4 4. Qc2 O-O 5. e4 d6 6. e5 Nfd7 {E32: Nimzo-Indian: Classical (4 Qc2): 4...0-0} (6... dxe5 7. dxe5 Nfd7 8. Nf3 Nc6 9. Ng5 g6 10. f4 Nc5 11. Be3 f6 12. exf6 Qxf6 13. O-O-O Bxc3 14. Qxc3 Qxc3+ 15. bxc3 {1-0 (25) Vallejo Pons,F (2695)-Predke,A (2622) St Petersburg 2018}) 7. exd6 cxd6 8. Nf3 Nf6 $146 {White is slightly better.} ({Predecessor:} 8... b6 9. Bd3 {0-1 (30) Bhagwat,V (2170)-Ghaem Maghami,E (2589) Chennai 2010}) 9. Bd3 b6 10. O-O {Threatens to win with Ne4.} ({Predecessor:} 10. Bg5 h6 11. h4 Bb7 12. Nd2 Nbd7 13. Kf1 Rc8 14. Rh3 {0-1 (30) Bhagwat,V (2170)-Ghaem Maghami,E (2589) Chennai 2010}) 10... Bb7 11. Ne4 Nxe4 12. Bxe4 Bxe4 13. Qxe4 d5 14. cxd5 Qxd5 15. Qxd5 exd5 16. Bf4 Rc8 17. Rfc1 Nd7 18. Kf1 f6 19. a3 Be7 20. Bc7 Kf7 21. Rc3 Nf8 22. Rac1 Ne6 23. Ke2 Ke8 24. Bg3 Rxc3 25. Rxc3 Kd7 26. Kd3 b5 27. Rc2 Bd8 28. Ng1 Bb6 29. Ne2 Re8 30. f3 a5 31. Rc1 b4 32. axb4 axb4 33. Be1 b3 34. Ra1 Nd8 (34... h5 $14) 35. Bc3 ({Better is} 35. Ba5 $18 Bxa5 36. Rxa5) 35... Bc7 36. g3 Nf7 {[#]} 37. Bd2 $1 Nd6 (37... Rb8 $16) 38. Nc3 Kc6 39. Ra6+ Kb7 40. Ra3 $2 (40. Nxd5 $18 Kxa6 41. Nxc7+ Kb6 42. Nxe8 Nxe8 43. Kc4) 40... Rd8 (40... Kc6 $142) 41. Rxb3+ $16 Kc6 42. Bf4 g5 (42... Ne8 $16 {is a better defense.}) 43. Bxd6 $1 $18 Bxd6 {[%mdl 4096] Endgame KRB-KRN} 44. Rb5 Be7 45. g4 h5 46. h3 Ra8 47. gxh5 Rh8 48. Ra5 ({Weaker is} 48. Rxd5 Rxh5 49. Rf5 Rxh3 $16) 48... Rxh5 49. Nxd5 Bd8 {[#]} 50. Nxf6 $1 {[%mdl 512]} Rxh3 (50... Bxf6 51. Ra6+) 51. Rc5+ Kb7 52. Rb5+ Kc8 53. Rf5 Bc7 (53... Bxf6 {was necessary.} 54. Rxf6 g4) 54. Ke4 Bf4 (54... Bd8 {was called for.} 55. Ng4 Kb7 56. Rf7+ Kb6) 55. Nd5 Bc1 56. b4 Rh4+ 57. Kd3 Bb2 58. Nc3 Rh3 59. Nd1 Ba3 60. Kc4 Bc1 (60... Rh2 {was worth a try.} 61. Rxg5 Bc1) 61. Nf2 Rh4 62. Kd5 Be3 63. Ng4 Bf4 64. Kc6 {[%cal Rf5f8]} Kd8 65. b5 {[%cal Bb4b5,Bb5b6,Bb6b7][%mdl 32]} Rh1 66. b6 Rc1+ 67. Rc5 {Rxc1 would kill now.} Rd1 68. Rd5+ {White mates.} Ke7 69. Ne5 Ke6 70. b7 {Accuracy: White = 74%, Black = 33%.} 1-0